000 00474nam a2200193Ia 4500
005 20250923144702.0
008 008 250917s9999 xx 000 0 eng d
037 _aTextual
040 _aDSWL
_beng
_cDSWL
041 _aeng
_2eng
084 _qDSWL
100 _aBarzun, Jacques
_9827366
245 0 _aHouse of intellect
_cby Jacques Barzun
260 _b. .
365 _aINR
_b32/6
925 _g32/6
942 _cTEXL
999 _c1442031
_d1442031